The NHL Teams of Paul Coffey - Statistics

General Stats
  • This quiz has been taken 17 times
  • The average score is 8 of 9
Answer Stats
SC Years Answer % Correct
1993-1996 Detroit Red Wings
100%
3 1980-1987 Edmonton Oilers
100%
1992-1993 Los Angeles Kings
100%
1996-1998 Philadelphia Flyers
100%
1 1987-1992 Pittsburgh Penguins
100%
1998-2000 Carolina Hurricanes
94%
1996 Hartford Whalers
94%
2000-2001 Boston Bruins
81%
1998 Chicago Blackhawks
75%
No matching quizzes found
Score Distribution
Percent of People with Each Score
Percentile by Number Answered
Your Score History
You have not taken this quiz